Vegyesek
Elmentve itt :
| Szerző: | |
|---|---|
| Dokumentumtípus: | Cikk |
| Megjelent: |
1901
|
| Sorozat: | Magyar pedagógia : a Magyar Tudományos Akadémia Pedagógiai Bizottságának folyóirata
10 |
| Kulcsszavak: | Neveléstudomány 1901 |
| Online Access: | http://misc.bibl.u-szeged.hu/7680 |
| LEADER | 00613nab a2200181 i 4500 | ||
|---|---|---|---|
| 001 | misc7680 | ||
| 005 | 20191106144058.0 | ||
| 008 | 170607s1901 hu o 0|| hun d | ||
| 022 | |a 0025-0260 | ||
| 040 | |a SZTE Miscellanea Repozitórium |b hun | ||
| 041 | |a hun | ||
| 100 | 1 | |a Imre Sándor | |
| 245 | 1 | 0 | |a Vegyesek |h [elektronikus dokumentum] / |c Imre Sándor |
| 260 | |c 1901 | ||
| 300 | |a 96-100 | ||
| 490 | 0 | |a Magyar pedagógia : a Magyar Tudományos Akadémia Pedagógiai Bizottságának folyóirata |v 10 | |
| 695 | |a Neveléstudomány 1901 | ||
| 856 | 4 | 0 | |u http://misc.bibl.u-szeged.hu/7680/1/mp_1901_096-100.pdf |z Dokumentum-elérés |